| 000 | 01184cam a2200373 i 4500 | ||
|---|---|---|---|
| 001 | 0000545 | ||
| 003 | DO-SdBNP | ||
| 005 | 20171109121341.0 | ||
| 007 | 0000545 | ||
| 008 | 100514s2004 mx c| |g|| 000 f s|aspa | ||
| 015 | _a | ||
| 017 |
_a _b |
||
| 020 | _a9681913302 | ||
| 035 | _a | ||
| 040 |
_aBPMSU _bspa _cBPMSU _e |
||
| 080 | _a | ||
| 082 | 4 |
_a610.9 _bP844b |
|
| 100 | 1 |
_aPorter, Roy, _d1946-2002 |
|
| 240 | 1 | 0 |
_aBlood & guts. A short history of medicine / _lEspañol |
| 245 | 1 | 0 |
_aBreve historia de la medicina: _blas personas, la enfermedad y la atención sanitaria / _h _cRoy Porter ; traducción Irene Cienfuentes, Teresa Carretero |
| 260 |
_aMéxico : _bSantillana Ediciones Generales: _bTaurus, _c2004. |
||
| 300 |
_a302 p.: _c19 cm. _bil., retrs. |
||
| 490 | 1 | _aTaurus minor | |
| 500 | _aIncluye índice temático. | ||
| 504 | _aBibliografía: p: 259-280 | ||
| 586 | _aPremio Doncel de Biografía 1962 | ||
| 650 |
_aMEDICINA _xHISTORIA |
||
| 700 | 1 | 2 |
_aCienfuentes, Irene, _etr. |
| 700 | 1 | 2 |
_aCarretero, Teresa, _etr. |
| 830 | 0 | _aTaurus minor | |
| 942 |
_2ddc _cBK |
||
| 945 | _aInventariado extranjero / 2017 VM | ||
| 956 |
_aYLOCKWARD _810 _cBPMSU |
||
| 999 |
_c10941 _d10941 |
||